[Event "Junior Online 4NCL Division 4"]
[Site "online"]
[Date "2020.10.01"]
[Round "4.22"]
[White "Govindu, Aashrith Reddy"]
[Black "Haga, Viktor"]
[Result "0-1"]
[WhiteElo "1075"]
[BlackElo "900"]
[PlyCount "64"]
[EventDate "2020.10.01"]
[WhiteTeam "Manchester Juniors D"]
[BlackTeam "Coldfall Knights"]

1. e4 d5 2. Nc3 d4 3. Nd5 Be6 4. Nf4 Nf6 5. Bd3 Bg4 6. Nge2 e5 7. Nd5 Nxd5 8.
exd5 Qxd5 9. f3 Bh5 10. c3 dxc3 11. dxc3 Be7 12. Qa4+ c6 13. c4 Qxd3 14. b3 e4
15. Ba3 Bxa3 16. Qxa3 exf3 17. Nf4 Qe3+ 18. Kd1 fxg2+ 19. Kc2 gxh1=Q 20. Nxh5
Qxh2+ 21. Kb1 Qe1+ 22. Qc1 Qxc1+ 23. Kxc1 Qxh5 24. Kb2 Qf3 25. Re1+ Kd7 26. Re5
Qf6 27. Ka3 Qd6+ 28. Ka4 Qxe5 29. Ka3 b6 30. b4 Qc3+ 31. Ka4 a5 32. bxa5 Rxa5#
0-1

[Event "Junior Online 4NCL Division 4"]
[Site "online"]
[Date "2020.10.01"]
[Round "4.25"]
[White "Querfurth Waterman, Maya"]
[Black "Korossi, Nandi"]
[Result "0-1"]
[WhiteElo "850"]
[BlackElo "1610"]
[PlyCount "34"]
[EventDate "2020.10.01"]
[WhiteTeam "Eden Primary Knights"]
[BlackTeam "Wanstead Warriors"]

1. e4 e5 2. Nf3 Nc6 3. Bc4 Bc5 4. Ng5 Qxg5 5. d3 Qxg2 6. Rf1 d6 7. Qh5 g6 8.
Qh4 Bh3 9. d4 Nxd4 10. Kd1 Qf3+ 11. Kd2 Bxf1 12. Bxf1 f5 13. exf5 Nxf5 14. Qa4+
c6 15. Ke1 Bxf2+ 16. Kd2 Qe3+ 17. Kd1 Qe1# 0-1

[Event "Junior Online 4NCL Division 4"]
[Site "online"]
[Date "2020.10.01"]
[Round "4.26"]
[White "Demetriou, Jay"]
[Black "Book, Zachery"]
[Result "1-0"]
[WhiteElo "1519"]
[BlackElo "850"]
[PlyCount "59"]
[EventDate "2020.10.01"]
[WhiteTeam "Wanstead Warriors"]
[BlackTeam "Eden Primary Knights"]

1. e4 e5 2. Nf3 Nc6 3. d4 Nf6 4. Nc3 d5 5. dxe5 Nh5 6. exd5 Na5 7. Bb5+ c6 8.
Ba4 Bb4 9. O-O O-O 10. Nd4 c5 11. Nb3 Nc4 12. Qxh5 g6 13. Qe2 h5 14. Qxc4 Bxc3
15. Qxc3 b5 16. Bxb5 Rb8 17. Bc6 Kh7 18. Nxc5 Rb5 19. Bxb5 a6 20. Bd3 Kg8 21.
Qb3 Kh7 22. Ne4 Kg7 23. d6 Re8 24. Bg5 f6 25. Bxf6+ Kh6 26. Bxd8 Rxd8 27. Qf7
Rh8 28. f4 a5 29. Nf6 a4 30. Qxg6# 1-0

[Event "Junior Online 4NCL Division 4"]
[Site "online"]
[Date "2020.10.01"]
[Round "4.28"]
[White "Wong, Joseph"]
[Black "Lasserson, Gabriel"]
[Result "1-0"]
[WhiteElo "1299"]
[BlackElo "800"]
[PlyCount "39"]
[EventDate "2020.10.01"]
[WhiteTeam "Wanstead Warriors"]
[BlackTeam "Eden Primary Knights"]

1. e4 c5 2. Nf3 d6 3. Bb5+ Bd7 4. Bf1 Nf6 5. c3 Nxe4 6. d4 Nf6 7. Bd3 Nc6 8.
Nbd2 cxd4 9. Nxd4 Nxd4 10. cxd4 e5 11. dxe5 dxe5 12. O-O e4 13. Nxe4 Nxe4 14.
Bxe4 Bd6 15. Qxd6 Qg5 16. Bxb7 Qe7 17. Re1 Kf8 18. Rxe7 Rb8 19. Rxd7+ Kg8 20.
Qxb8# 1-0

[Event "Junior Online 4NCL Division 4"]
[Site "online"]
[Date "2020.10.01"]
[Round "4.29"]
[White "Korossi, Nandi"]
[Black "Querfurth Waterman, Maya"]
[Result "1-0"]
[WhiteElo "1610"]
[BlackElo "850"]
[PlyCount "37"]
[EventDate "2020.10.01"]
[WhiteTeam "Wanstead Warriors"]
[BlackTeam "Eden Primary Knights"]

1. e4 e5 2. Nc3 Nc6 3. f4 exf4 4. d4 d6 5. Bxf4 Nf6 6. e5 Bg4 7. Be2 Nd7 8.
Bxg4 dxe5 9. dxe5 h5 10. Bxd7+ Qxd7 11. Qxd7+ Kxd7 12. Rd1+ Ke6 13. Nf3 Bc5 14.
Ne4 Rad8 15. Nxc5+ Kf5 16. Rxd8 Nxd8 17. g3 Nc6 18. Nh4+ Kg4 19. h3# 1-0

[Event "Junior Online 4NCL Division 4"]
[Site "online"]
[Date "2020.10.01"]
[Round "4.30"]
[White "Book, Zachery"]
[Black "Demetriou, Jay"]
[Result "0-1"]
[WhiteElo "850"]
[BlackElo "1519"]
[PlyCount "52"]
[EventDate "2020.10.01"]
[WhiteTeam "Eden Primary Knights"]
[BlackTeam "Wanstead Warriors"]

1. e4 c5 2. Nc3 d6 3. Bb5+ Bd7 4. Be2 Nf6 5. e5 dxe5 6. d3 Nc6 7. Nf3 Qc7 8. g4
Bxg4 9. Ng1 h5 10. f3 Bf5 11. b3 Nd4 12. Bf1 Qa5 13. Bd2 Qc7 14. a4 O-O-O 15.
Nb5 Nxb5 16. axb5 Qb6 17. c4 Qd6 18. Rxa7 Kb8 19. Ra1 Kc7 20. d4 Qxd4 21. Ra2
e4 22. Ne2 Qd6 23. h4 e3 24. Nd4 cxd4 25. Bd3 Qg3+ 26. Ke2 Qf2# 0-1

[Event "Junior Online 4NCL Division 4"]
[Site "online"]
[Date "2020.10.01"]
[Round "4.32"]
[White "Lasserson, Gabriel"]
[Black "Wong, Joseph"]
[Result "1-0"]
[WhiteElo "800"]
[BlackElo "1299"]
[PlyCount "133"]
[EventDate "2020.10.01"]
[WhiteTeam "Eden Primary Knights"]
[BlackTeam "Wanstead Warriors"]

1. e4 d5 2. Nc3 dxe4 3. Nxe4 Nc6 4. Bb5 Bd7 5. Nc3 Nf6 6. Bxc6 Bxc6 7. Nf3 Bxf3
8. Qxf3 e6 9. O-O Bd6 10. Qxb7 Rb8 11. Qxa7 Nd5 12. Nxd5 exd5 13. d4 Ra8 14.
Bg5 Rxa7 15. Bxd8 Kxd8 16. b3 h6 17. c4 dxc4 18. bxc4 g5 19. c5 Bf4 20. g3 Bd2
21. Rfd1 Bc3 22. Rac1 Bb4 23. Re1 Rxa2 24. Red1 Re8 25. Rb1 Bc3 26. Rdc1 Bxd4
27. Rd1 Re4 28. Rb8+ Ke7 29. Rb7 Bxf2+ 30. Kf1 Bxc5 31. Rxc7+ Ke6 32. Rxc5 f5
33. Rdd5 Re5 34. Rxe5+ Kd6 35. Rcd5+ Kc6 36. Rc5+ Kd6 37. Red5+ Ke6 38. Rxf5
Rxh2 39. g4 h5 40. gxh5 Rxh5 41. Rfe5+ Kf6 42. Rcd5 g4 43. Rxh5 Ke6 44. Rh4 g3
45. Kg1 Kxd5 46. Kg2 Ke5 47. Kxg3 Kf5 48. Rh5+ Kg6 49. Kg4 Kf6 50. Rf5+ Ke6 51.
Kf4 Kd6 52. Rf6+ Kc5 53. Ke5 Kc4 54. Rf4+ Kc5 55. Rd4 Kb5 56. Kd5 Kb6 57. Rb4+
Kc7 58. Rb5 Kd7 59. Rb7+ Kc8 60. Kc6 Kd8 61. Rd7+ Ke8 62. Kd6 Kf8 63. Re7 Kg8
64. Ke6 Kh8 65. Re8+ Kh7 66. Kf6 Kh6 67. Rh8# 1-0

[Event "Junior Online 4NCL Division 4"]
[Site "online"]
[Date "2020.10.15"]
[Round "5.11"]
[White "Stoica, Savas Marin"]
[Black "McBrinn, Conall"]
[Result "1-0"]
[WhiteElo "1922"]
[BlackElo "1690"]
[PlyCount "57"]
[EventDate "2020.10.15"]
[WhiteTeam "Barnet Knights A"]
[BlackTeam "JHJ 1"]

1. e4 e6 2. d3 d5 3. Nd2 Nf6 4. Ngf3 c5 5. g3 Nc6 6. Bg2 Be7 7. O-O b6 8. Re1
Bb7 9. c3 Rb8 10. Qc2 Qd7 11. a3 h6 12. e5 Nh7 13. b4 cxb4 14. axb4 O-O 15. b5
Na5 16. Nd4 Rbc8 17. N2b3 Bb4 18. Bd2 Rc7 19. Qb2 Nxb3 20. Qxb3 Ba5 21. Qa3
Rfc8 22. Rec1 Rc5 23. Rab1 Qc7 24. Nb3 Rxb5 25. d4 Bxc3 26. Rxc3 Qd7 27. Rxc8+
Qxc8 28. Rc1 Qd7 29. Bf1 1-0

[Event "Junior Online 4NCL Division 4"]
[Site "online"]
[Date "2020.10.15"]
[Round "5.12"]
[White "Yu, William"]
[Black "Eedle, Eric F"]
[Result "1-0"]
[WhiteElo "1592"]
[BlackElo "1660"]
[PlyCount "93"]
[EventDate "2020.10.15"]
[WhiteTeam "JHJ 1"]
[BlackTeam "Barnet Knights A"]

1. d4 Nf6 2. Bf4 b6 3. e3 Bb7 4. Nf3 e6 5. Be2 Be7 6. Nbd2 d5 7. c3 O-O 8. O-O
c5 9. b3 Nc6 10. h3 Rc8 11. Rc1 Re8 12. Bb5 a6 13. Bd3 h6 14. Qe2 b5 15. c4
bxc4 16. bxc4 cxd4 17. exd4 dxc4 18. Rxc4 Nd5 19. Be3 a5 20. Rfc1 Qd6 21. Ne4
Qd7 22. Nc5 Bxc5 23. Rxc5 a4 24. Bb5 Qd6 25. Qc2 Ndb4 26. Qxa4 Ra8 27. Qb3 Rec8
28. Bxc6 Nxa2 29. Bxb7 Nxc1 30. Bxc1 Rcb8 31. Qc2 Rxb7 32. Rc8+ Rxc8 33. Qxc8+
Kh7 34. Qxb7 Qf8 35. Qb1+ Kg8 36. Qe4 Qc8 37. Be3 Qc4 38. Ne5 Qa4 39. Qf3 Qa1+
40. Kh2 f6 41. Ng6 Qa7 42. d5 Qc7+ 43. Bf4 Qf7 44. Nh4 exd5 45. Nf5 Qe6 46. Qg4
Qf7 47. Nxh6+ 1-0

[Event "Junior Online 4NCL Division 4"]
[Site "online"]
[Date "2020.10.15"]
[Round "5.13"]
[White "Angelopoulos, Andreas"]
[Black "O'neill, Kai"]
[Result "0-1"]
[WhiteElo "1637"]
[BlackElo "1577"]
[PlyCount "48"]
[EventDate "2020.10.15"]
[WhiteTeam "Barnet Knights A"]
[BlackTeam "JHJ 1"]

1. d4 d5 2. c4 c6 3. Nc3 Bf5 4. Nf3 e6 5. Bf4 Nd7 6. e3 Ngf6 7. Bd3 Bg6 8. O-O
Nb6 9. c5 Nc8 10. b4 b5 11. a3 a5 12. Qe2 a4 13. Ne5 Na7 14. Nxg6 hxg6 15. Nb1
Nh5 16. Bg3 Nxg3 17. hxg3 Be7 18. Nd2 f5 19. Nf3 g5 20. Ne5 Bf6 21. g4 Bxe5 22.
dxe5 Qc7 23. gxf5 Qxe5 24. fxe6 Qh2# 0-1

[Event "Junior Online 4NCL Division 4"]
[Site "online"]
[Date "2020.10.15"]
[Round "5.14"]
[White "Aserkoff, Daniel"]
[Black "Ford, Conor"]
[Result "1-0"]
[WhiteElo "1547"]
[BlackElo "1427"]
[PlyCount "113"]
[EventDate "2020.10.15"]
[WhiteTeam "JHJ 1"]
[BlackTeam "Barnet Knights A"]

1. e4 e5 2. Nf3 Nc6 3. d4 exd4 4. Nxd4 Nxd4 5. Qxd4 Nf6 6. e5 Ng8 7. Bf4 d6 8.
exd6 Nf6 9. c3 Bxd6 10. Bxd6 cxd6 11. Qe3+ Be6 12. Bc4 Qd7 13. Bxe6 Qxe6 14.
Qxe6+ fxe6 15. O-O O-O 16. Re1 e5 17. Nd2 Rae8 18. Nf3 h6 19. Rad1 Re6 20. Nd4
Re7 21. Nf5 Rd7 22. Rxd6 Rxd6 23. Nxd6 Rd8 24. Nc4 Re8 25. g3 e4 26. f3 exf3
27. Rxe8+ Nxe8 28. Kf2 Kf7 29. Kxf3 Kf6 30. Kf4 g5+ 31. Ke4 Ke6 32. Na5 Nd6+
33. Kd3 b6 34. Nb3 Kd5 35. Nd2 Ke6 36. g4 Nf7 37. Nf3 Kd5 38. c4+ Ke6 39. b4 a6
40. Kd4 b5 41. c5 Nd8 42. Ne5 Kf6 43. Kd5 Ke7 44. Nc6+ Nxc6 45. Kxc6 Kd8 46.
Kd6 Kc8 47. Kc6 Kd8 48. Kb7 Kd7 49. c6+ Kd8 50. c7+ Kd7 51. c8=Q+ Kd6 52. Qc5+
Kd7 53. Qc6+ Kd8 54. Qc7+ Ke8 55. Kc6 Kf8 56. Kd6 Ke8 57. Qe7# 1-0

[Event "Junior Online 4NCL Division 4"]
[Site "online"]
[Date "2020.10.15"]
[Round "5.15"]
[White "McBrinn, Conall"]
[Black "Stoica, Savas Marin"]
[Result "0-1"]
[WhiteElo "1690"]
[BlackElo "1922"]
[PlyCount "104"]
[EventDate "2020.10.15"]
[WhiteTeam "JHJ 1"]
[BlackTeam "Barnet Knights A"]

1. d4 d5 2. c4 e6 3. Nc3 Nf6 4. Nf3 dxc4 5. e4 b5 6. Nxb5 Nxe4 7. Bxc4 Bb4+ 8.
Bd2 Nxd2 9. Nxd2 a6 10. Nc3 Qxd4 11. Qa4+ Nd7 12. Qxb4 Rb8 13. Qa3 Bb7 14. f3
Qh4+ 15. g3 Qd4 16. O-O-O Qd6 17. Qxd6 cxd6 18. Bb3 Ke7 19. Rhf1 Rhc8 20. Kb1
Nc5 21. f4 a5 22. Bc2 Na6 23. Nde4 f5 24. Nxd6 Rxc3 25. Nxb7 Rxb7 26. Rfe1 Rc5
27. Bb3 Nc7 28. Rc1 Rxc1+ 29. Rxc1 Kd6 30. Re1 Nd5 31. Rd1 h6 32. Kc2 g5 33.
Rd4 Rb4 34. Rxb4 Nxb4+ 35. Kc3 gxf4 36. gxf4 Nd5+ 37. Bxd5 Kxd5 38. Kd3 a4 39.
h4 h5 40. b3 a3 41. b4 e5 42. fxe5 Kxe5 43. Ke3 Kd5 44. Kf4 Kc4 45. b5 Kxb5 46.
Kxf5 Kb4 47. Kg5 Kc3 48. Kxh5 Kb2 49. Kg4 Kxa2 50. h5 Kb1 51. h6 a2 52. h7 a1=Q
0-1

[Event "Junior Online 4NCL Division 4"]
[Site "online"]
[Date "2020.10.15"]
[Round "5.16"]
[White "Eedle, Eric F"]
[Black "Yu, William"]
[Result "1/2-1/2"]
[WhiteElo "1660"]
[BlackElo "1592"]
[PlyCount "120"]
[EventDate "2020.10.15"]
[WhiteTeam "Barnet Knights A"]
[BlackTeam "JHJ 1"]

1. d4 e6 2. c4 Nf6 3. Nc3 Bb4 4. f3 c5 5. d5 d6 6. Nh3 Nbd7 7. e4 Nb6 8. Nf2
Bd7 9. Bd3 Ba4 10. Qe2 O-O 11. O-O exd5 12. cxd5 Bd7 13. Bg5 h6 14. Bh4 Na4 15.
Nxa4 Bxa4 16. a3 Ba5 17. b4 Bb6 18. Bb5 Bxb5 19. Qxb5 a6 20. Qa4 Rc8 21. bxc5
Bxc5 22. Kh1 g5 23. Bg3 Qb6 24. Nd3 Rfd8 25. Rab1 Qa7 26. Nxc5 Rxc5 27. Bf2 b5
28. Rxb5 Qd7 29. Bxc5 axb5 30. Qd4 Nxd5 31. Qxd5 dxc5 32. Qxc5 Qd3 33. Rg1 Ra8
34. Qc6 Rxa3 35. Qxh6 Qe3 36. Rd1 Rd3 37. Ra1 Ra3 38. Rg1 b4 39. h4 gxh4 40.
Qxh4 Qb6 41. Rd1 Ra8 42. Qg5+ Qg6 43. Qxg6+ fxg6 44. Rb1 Rb8 45. f4 Kf7 46. g3
Ke6 47. Kg2 b3 48. Kf3 b2 49. Kg4 Rb3 50. Kh4 Kf6 51. g4 Ke6 52. Kg5 Kf7 53. f5
Rb4 54. e5 gxf5 55. gxf5 Rb5 56. e6+ Ke7 57. Kg6 Rb4 58. Kg5 Rb5 59. Kg6 Rb4
60. Kg5 Rb5 1/2-1/2

[Event "Junior Online 4NCL Division 4"]
[Site "online"]
[Date "2020.10.15"]
[Round "5.17"]
[White "O'neill, Kai"]
[Black "Angelopoulos, Andreas"]
[Result "0-1"]
[WhiteElo "1577"]
[BlackElo "1637"]
[PlyCount "80"]
[EventDate "2020.10.15"]
[WhiteTeam "JHJ 1"]
[BlackTeam "Barnet Knights A"]

1. d4 Nf6 2. Bf4 g6 3. e3 Bg7 4. c4 d6 5. Nc3 Bf5 6. Bd3 Bxd3 7. Qxd3 e6 8. Nf3
Nbd7 9. Nb5 a6 10. Nc3 O-O 11. h4 Re8 12. Ng5 e5 13. dxe5 Nxe5 14. Bxe5 Rxe5
15. Nf3 Re8 16. Nd5 Nxd5 17. cxd5 Bxb2 18. Rb1 Qf6 19. h5 Qc3+ 20. Qxc3 Bxc3+
21. Ke2 b5 22. hxg6 fxg6 23. Ng5 Re5 24. Nf3 Rxd5 25. Rbc1 b4 26. a3 c5 27.
Rhd1 Rxd1 28. Rxd1 Rd8 29. axb4 cxb4 30. Ra1 Ra8 31. Rd1 b3 32. Rb1 b2 33. Nd2
d5 34. Kd3 Bg7 35. e4 dxe4+ 36. Kxe4 Re8+ 37. Kf3 Rc8 38. Ne4 Rc1 39. Rxb2 Bxb2
40. Nc5 Rxc5 0-1

[Event "Junior Online 4NCL Division 4"]
[Site "online"]
[Date "2020.10.15"]
[Round "5.18"]
[White "Ford, Conor"]
[Black "Aserkoff, Daniel"]
[Result "1-0"]
[WhiteElo "1427"]
[BlackElo "1547"]
[PlyCount "167"]
[EventDate "2020.10.15"]
[WhiteTeam "Barnet Knights A"]
[BlackTeam "JHJ 1"]

1. d4 d5 2. e3 Bf5 3. Nd2 Nf6 4. c3 e6 5. f4 Nbd7 6. Ngf3 Bg4 7. Bd3 Bd6 8. O-O
c5 9. Qe1 c4 10. Bc2 O-O 11. Ne5 Nxe5 12. fxe5 Bxe5 13. dxe5 Nd7 14. Qg3 Bh5
15. Qh3 Bg6 16. Bxg6 hxg6 17. Rf4 g5 18. Rg4 Nxe5 19. Rg3 Qf6 20. Nf3 g4 21.
Rxg4 Nxg4 22. Qxg4 Qf5 23. Qh4 Qh7 24. Qg3 Rae8 25. Bd2 Qc2 26. Rf1 Qg6 27. Qh4
Qh7 28. Qg4 Qg6 29. Ne5 Qxg4 30. Nxg4 f6 31. Rf3 e5 32. Rg3 Kf7 33. Nf2 f5 34.
Rf3 Ke6 35. h3 Rd8 36. Rg3 Kf6 37. e4 dxe4 38. Bg5+ Ke6 39. Bxd8 f4 40. Rg6+
Kf5 41. Rd6 e3 42. Kf1 e4 43. Ng4 f3 44. gxf3 exf3 45. Nxe3+ Kf4 46. Ng4 Re8
47. Rd4+ Kf5 48. Bc7 Re4 49. Rd5+ Ke6 50. Rd6+ Kf5 51. Bd8 Re2 52. Rd5+ Ke4 53.
Re5+ Kd3 54. Rxe2 fxe2+ 55. Ke1 Kc2 56. Kxe2 Kxb2 57. Kd2 Kxa2 58. Ne3 Kb3 59.
Be7 a5 60. Bf8 g6 61. Bg7 a4 62. Bf8 a3 63. Bxa3 Kxa3 64. Nxc4+ Ka4 65. Kd3 Kb5
66. Nd6+ Kc6 67. Nf7 Kd5 68. c4+ Ke6 69. Nd8+ Kd6 70. Nxb7+ Kc6 71. Na5+ Kc5
72. Kc3 Kb6 73. Kb4 Kc7 74. Kc5 Kd7 75. Kb6 g5 76. c5 Kc8 77. Kc6 Kb8 78. Kd7
Ka7 79. c6 Ka6 80. c7 Kxa5 81. c8=Q Kb4 82. Qf8+ Kc3 83. Qf5 Kc4 84. Qxg5 1-0

[Event "Junior Online 4NCL Division 4"]
[Site "online"]
[Date "2020.10.15"]
[Round "5.21"]
[White "Kumar, Soham"]
[Black "Timbrell, Matthew"]
[Result "1-0"]
[WhiteElo "1802"]
[BlackElo "1682"]
[PlyCount "71"]
[EventDate "2020.10.15"]
[WhiteTeam "Maidenhead Juniors 1"]
[BlackTeam "Somerset Lions"]

1. e4 c6 2. d4 d5 3. e5 Bf5 4. h4 h5 5. Bd3 Bxd3 6. Qxd3 e6 7. Nf3 c5 8. c3 c4
9. Qc2 Ne7 10. Bg5 Qd7 11. Nbd2 Nf5 12. b3 cxb3 13. axb3 Nc6 14. O-O Be7 15.
Bxe7 Qxe7 16. g3 O-O 17. Rfe1 Rfc8 18. Qd3 a6 19. Nf1 Rc7 20. Ne3 Nxe3 21. Rxe3
b5 22. Ng5 g6 23. Rf3 Rf8 24. Rxa6 Nd8 25. Rf6 Kg7 26. f3 b4 27. c4 dxc4 28.
bxc4 Rc6 29. Rxc6 Nxc6 30. Nxe6+ fxe6 31. Qxg6+ Kh8 32. Qxh5+ Kg8 33. Rg6+ Kf7
34. Rh6+ Kg8 35. Rh8+ Kg7 36. Qh7# 1-0

[Event "Junior Online 4NCL Division 4"]
[Site "online"]
[Date "2020.10.15"]
[Round "5.22"]
[White "Keech, Gabriel"]
[Black "Markov, Aleksa"]
[Result "1-0"]
[WhiteElo "1682"]
[BlackElo "1345"]
[PlyCount "115"]
[EventDate "2020.10.15"]
[WhiteTeam "Somerset Lions"]
[BlackTeam "Maidenhead Juniors 1"]

1. c4 e5 2. Nc3 Nc6 3. g3 d6 4. Bg2 Nf6 5. d3 Be6 6. Nf3 Be7 7. O-O O-O 8. a3
d5 9. cxd5 Nxd5 10. Nxd5 Bxd5 11. b4 Bxf3 12. Bxf3 a6 13. Bb2 Bf6 14. Rb1 Rb8
15. Qa4 Nd4 16. Bxd4 Qxd4 17. Qc2 c6 18. Rbd1 c5 19. Qxc5 Qxc5 20. bxc5 Rfc8
21. Rc1 Be7 22. Rb1 Rxc5 23. Rxb7 Rxb7 24. Bxb7 Rc3 25. Bxa6 Rxa3 26. Bc4 Kf8
27. Rb1 Ke8 28. Rb8+ Kd7 29. Bxf7 Ra1+ 30. Kg2 Re1 31. Kf3 Rh1 32. h4 g5 33.
hxg5 Bxg5 34. Rb5 Kd6 35. Bc4 Bf6 36. Rd5+ Ke6 37. d4 Rd1 38. dxe5 Be7 39.
Rxd1+ Kxe5 40. Rd7 Bg5 41. Rd5+ Kf6 42. Rxg5 Kxg5 43. e4 Kf6 44. Kf4 Kg6 45. e5
Kg7 46. Kg5 Kf8 47. Kf6 Ke8 48. e6 h6 49. e7 h5 50. Bf7+ Kd7 51. e8=Q+ Kc7 52.
Qe5+ Kc6 53. Be8+ Kb7 54. Qd5+ Kb6 55. Qc6+ Ka7 56. Qb5 Ka8 57. Bc6+ Ka7 58.
Qb7# 1-0

[Event "Junior Online 4NCL Division 4"]
[Site "online"]
[Date "2020.10.15"]
[Round "5.23"]
[White "Kumar, Satyam"]
[Black "Wang, Andy"]
[Result "1-0"]
[WhiteElo "1307"]
[BlackElo "1525"]
[PlyCount "117"]
[EventDate "2020.10.15"]
[WhiteTeam "Maidenhead Juniors 1"]
[BlackTeam "Somerset Lions"]

1. e4 e5 2. Nf3 Nc6 3. Bc4 Bc5 4. d3 h6 5. O-O Nf6 6. Nc3 d6 7. h3 Bd7 8. Na4
Bb6 9. Nxb6 axb6 10. Be3 Qc8 11. Re1 g5 12. g4 Na5 13. Bb3 Ng8 14. d4 f6 15.
dxe5 dxe5 16. Qd5 Nxb3 17. axb3 Rxa1 18. Rxa1 Bc6 19. Qd3 h5 20. Nh2 hxg4 21.
hxg4 Bd7 22. f3 Ne7 23. Kg2 Nc6 24. Rd1 Ke7 25. Qd2 Rd8 26. Qe2 Qb8 27. Rd2 Be6
28. Rxd8 Qxd8 29. Qd2 Qxd2+ 30. Bxd2 Nd4 31. Bb4+ c5 32. c3 cxb4 33. cxd4 Bxb3
34. dxe5 fxe5 35. Nf1 Kd6 36. Ne3 Ke6 37. Kf2 Kd6 38. Nf5+ Ke6 39. Ng7+ Kf7 40.
Nf5 Ke6 41. Ng7+ Ke7 42. Nh5 Bf7 43. Ng3 Bg6 44. Ke3 Kd6 45. Nf5+ Kc5 46. Ne7
Kc4 47. Nxg6 Kb3 48. Nxe5 Kxb2 49. Nc4+ Kc3 50. Nd2 b3 51. Nxb3 b5 52. e5 Kc4
53. e6 Kd5 54. e7 Kd6 55. e8=Q Kc7 56. Qxb5 Kb8 57. Nc5 Kc8 58. Qxb7+ Kd8 59.
Qd7# 1-0

[Event "Junior Online 4NCL Division 4"]
[Site "online"]
[Date "2020.10.15"]
[Round "5.24"]
[White "Ranpura, Kirin"]
[Black "Anchan, Anirudh"]
[Result "1-0"]
[WhiteElo "1382"]
[BlackElo "1082"]
[PlyCount "125"]
[EventDate "2020.10.15"]
[WhiteTeam "Somerset Lions"]
[BlackTeam "Maidenhead Juniors 1"]

1. d4 d5 2. Bf4 Nc6 3. e3 Nf6 4. c3 e6 5. Nf3 Bd6 6. Ne5 Bxe5 7. dxe5 Nxe5 8.
Bxe5 Ne4 9. Bxg7 Rg8 10. Bd4 Qd6 11. Nd2 Nxd2 12. Qxd2 Bd7 13. Bd3 O-O-O 14. g3
h5 15. h4 b6 16. Qc2 e5 17. Bxb6 axb6 18. Qb3 c5 19. Qa3 b5 20. Qa8+ Kc7 21.
Qa5+ Qb6 22. Qa3 c4 23. Be2 Bg4 24. Bxg4 hxg4 25. Qe7+ Rd7 26. Qxe5+ Qd6 27.
Qxd6+ Rxd6 28. b3 cxb3 29. axb3 Kc6 30. O-O Rgd8 31. Rac1 Kb6 32. c4 dxc4 33.
bxc4 bxc4 34. Rxc4 Kb5 35. Rxg4 f6 36. h5 f5 37. Rh4 Rh6 38. f3 Rdh8 39. g4
fxg4 40. fxg4 Rg8 41. Rf2 Kc4 42. Rg2 Kd3 43. g5 Re6 44. h6 Rxe3 45. h7 Rh8 46.
g6 Re1+ 47. Kh2 Rhe8 48. h8=Q Rxh8 49. Rxh8 Re7 50. Rg3+ Kd4 51. Rh4+ Ke5 52.
g7 Rxg7 53. Rxg7 Kf5 54. Rh3 Kf4 55. Rh8 Kf5 56. Rf8+ Ke6 57. Rg1 Ke7 58. Rf2
Ke8 59. Re1+ Kd7 60. Rd2+ Kc6 61. Rc1+ Kb5 62. Rb2+ Ka4 63. Ra1# 1-0

[Event "Junior Online 4NCL Division 4"]
[Site "online"]
[Date "2020.10.15"]
[Round "5.25"]
[White "Timbrell, Matthew"]
[Black "Kumar, Soham"]
[Result "1/2-1/2"]
[WhiteElo "1682"]
[BlackElo "1802"]
[PlyCount "90"]
[EventDate "2020.10.15"]
[WhiteTeam "Somerset Lions"]
[BlackTeam "Maidenhead Juniors 1"]

1. c4 c5 2. Nc3 Nc6 3. g3 g6 4. Bg2 Bg7 5. e3 e6 6. Nge2 Nge7 7. d4 cxd4 8.
exd4 O-O 9. O-O d5 10. cxd5 Nxd5 11. Nxd5 exd5 12. Be3 Be6 13. Rc1 Qb6 14. b3
Rac8 15. Qd2 Rfe8 16. Rfd1 Ne7 17. Rxc8 Rxc8 18. Rc1 Rxc1+ 19. Qxc1 Nf5 20. Qd2
Nxe3 21. Qxe3 Qa5 22. a4 Qe1+ 23. Bf1 Bh3 24. Qc1 Qxc1 25. Nxc1 Bxf1 26. Kxf1
Bxd4 27. Nd3 Kf8 28. Ke2 Ke7 29. f3 Kd6 30. g4 g5 31. h3 h6 32. Kd2 Be5 33. Ke3
f6 34. Kd2 d4 35. Kc2 a5 36. b4 b6 37. bxa5 bxa5 38. Kb3 Kd5 39. Nf2 Bd6 40.
Nd3 Bg3 41. Nb2 Bc7 42. Kc2 Kc5 43. Kb3 Kd5 44. Nd3 Be5 45. Nb2 Bc7 1/2-1/2

[Event "Junior Online 4NCL Division 4"]
[Site "online"]
[Date "2020.10.15"]
[Round "5.26"]
[White "Markov, Aleksa"]
[Black "Keech, Gabriel"]
[Result "1/2-1/2"]
[WhiteElo "1345"]
[BlackElo "1682"]
[PlyCount "119"]
[EventDate "2020.10.15"]
[WhiteTeam "Maidenhead Juniors 1"]
[BlackTeam "Somerset Lions"]

1. e4 e6 2. d4 d5 3. exd5 exd5 4. Nc3 Nf6 5. Be3 Bb4 6. Bd3 Nc6 7. Nf3 Qe7 8.
O-O O-O 9. Re1 Qd8 10. Bg5 h6 11. Bxf6 Qxf6 12. Nxd5 Qd6 13. Nxb4 Qxb4 14. Rb1
Kh8 15. c3 Qd6 16. Qe2 Bg4 17. Qe4 Qg6 18. Qxg6 fxg6 19. Bxg6 Bxf3 20. gxf3
Rxf3 21. Re3 Rf6 22. Bd3 Raf8 23. Rbe1 Kg8 24. Bc4+ Kh8 25. Bd3 Kg8 26. R1e2
Nd8 27. Re8 Nf7 28. R2e7 Nd6 29. Rxf8+ Kxf8 30. Rxc7 Rf7 31. Rxf7+ Kxf7 32. c4
b6 33. c5 bxc5 34. dxc5 Nc8 35. b4 Ke6 36. Bc4+ Ke5 37. a3 Kd4 38. Ba6 Ne7 39.
Kf1 Kc3 40. Ke2 Kb2 41. Kd3 Kxa3 42. Kc4 Nc6 43. b5 Na5+ 44. Kd5 Kb4 45. b6
axb6 46. cxb6 Kc3 47. Kc5 Nb3+ 48. Kb5 Nd4+ 49. Ka4 Nc6 50. b7 Kd4 51. Bb5 Nb8
52. Ka5 Kd5 53. Kb6 Kd6 54. Ka7 Kc7 55. Ba6 h5 56. h4 g6 57. f4 Nxa6 58. Kxa6
Kb8 59. Kb6 g5 60. fxg5 1/2-1/2

[Event "Junior Online 4NCL Division 4"]
[Site "online"]
[Date "2020.10.15"]
[Round "5.27"]
[White "Wang, Andy"]
[Black "Kumar, Satyam"]
[Result "0-1"]
[WhiteElo "1525"]
[BlackElo "1307"]
[PlyCount "82"]
[EventDate "2020.10.15"]
[WhiteTeam "Somerset Lions"]
[BlackTeam "Maidenhead Juniors 1"]

1. d4 Nf6 2. Bf4 g6 3. Nf3 Bg7 4. e3 d6 5. c4 O-O 6. Nc3 c5 7. Qa4 Bd7 8. Qb3
b6 9. Rd1 Nc6 10. d5 Na5 11. Qc2 Rc8 12. b3 Bf5 13. Bd3 Bxd3 14. Qxd3 Nh5 15.
Bg3 Nf6 16. Ne2 Qd7 17. h3 a6 18. Nc3 Nh5 19. Bh2 Bxc3+ 20. Qxc3 Nb7 21. O-O b5
22. Nd2 Nf6 23. Rfe1 b4 24. Qc2 a5 25. Ne4 Nxe4 26. Qxe4 Rfe8 27. Ra1 Ra8 28.
a3 Qc7 29. axb4 axb4 30. Qf3 Qd7 31. Qg4 Qxg4 32. hxg4 Rf8 33. f3 Na5 34. Rab1
Nb7 35. e4 Ra3 36. e5 Na5 37. exd6 exd6 38. Bxd6 Rc8 39. Re3 Nxc4 40. bxc4 Rxe3
41. Kf2 Ree8 0-1

[Event "Junior Online 4NCL Division 4"]
[Site "online"]
[Date "2020.10.15"]
[Round "5.28"]
[White "Anchan, Anirudh"]
[Black "Ranpura, Kirin"]
[Result "0-1"]
[WhiteElo "1082"]
[BlackElo "1382"]
[PlyCount "98"]
[EventDate "2020.10.15"]
[WhiteTeam "Maidenhead Juniors 1"]
[BlackTeam "Somerset Lions"]

1. e4 e6 2. Nf3 d5 3. e5 c5 4. d4 cxd4 5. Nxd4 Nc6 6. Bb5 Bd7 7. Bxc6 bxc6 8.
O-O Ne7 9. Nc3 Ng6 10. Nf3 Be7 11. Ne2 Qc7 12. Ned4 Nxe5 13. Nxe5 Qxe5 14. Nf3
Qc7 15. g3 O-O 16. b3 e5 17. Bb2 e4 18. Ne5 Bh3 19. Qd4 Bf6 20. Ba3 Rfe8 21.
Qe3 Bxe5 22. Rfe1 Bxa1 23. Rxa1 Qe5 24. Re1 d4 25. Qe2 e3 26. Bb2 exf2+ 27.
Qxf2 Qxe1+ 28. Qxe1 Rxe1+ 29. Kf2 Rf1+ 30. Ke2 Re8+ 31. Kd3 c5 32. Kc4 Be6+ 33.
Kxc5 Rc8+ 34. Kxd4 Rd1+ 35. Ke5 Rc5+ 36. Ke4 f5+ 37. Kf4 Re1 38. Ba3 Rxc2 39.
Kg5 h6+ 40. Kg6 Bf7+ 41. Kxf5 Rf2+ 42. Kg4 Re4+ 43. Kh3 Be6+ 44. g4 Bxg4+ 45.
Kg3 Rf3+ 46. Kg2 Re2+ 47. Kg1 Rc3 48. h3 Rd3 49. Kf1 Rd1# 0-1

[Event "Junior Online 4NCL Division 4"]
[Site "online"]
[Date "2020.10.15"]
[Round "5.31"]
[White "Zhao, George"]
[Black "Popovici, Rees"]
[Result "1-0"]
[WhiteElo "1330"]
[BlackElo "1595"]
[PlyCount "33"]
[EventDate "2020.10.15"]
[WhiteTeam "JHJ 5"]
[BlackTeam "Colchester Juniors A"]

1. b3 d5 2. Bb2 Nc6 3. Nf3 Nf6 4. e3 Bg4 5. Be2 Bxf3 6. Bxf3 e5 7. d4 e4 8. Be2
Bd6 9. c4 dxc4 10. bxc4 Nb4 11. a3 Nc6 12. Nd2 O-O 13. O-O a6 14. Bg4 Nxg4 15.
Qxg4 Re8 16. Nxe4 Qc8 17. Nf6+ 1-0